000 00674nam a2200193Ia 4500
008 130821s2000 xxu gs spa
040 _aCo-BoUCM
_bspa
041 0 0 _aspa
092 _aCV 0627
092 _aDVD 0972
110 2 _aCoastal Training Technologies Corporation
245 1 0 _aHabilidades de supervisión tome el control
_c[videograbación]
_cCoastal International
260 _aRichmond (Virginia, Estados Unidos)
_bCoastal
_c2000
300 _a1 videocasette vhs [16 min]
_e1 DVD
490 _aProgramas de entretenimiento en recursos humanos
650 0 4 _aAdministración de empresas
_9435
650 0 4 _aLiderazgo
_918533
942 _cMULTIMEDIA
_2LOCAL
_a16
_e1
999 _c34742
_d34742